ՀՀ Գիտությունների ազգային ակադեմիայի հիմնարար գիտական գրադարան  =   Fundamental Scientific Library of NAS RA

Пейзажи Армении М. Сарьяна / (Record no. 537645)

MARC details
000 -LEADER
fixed length control field 01144nam a2200253 a 4500
001 - CONTROL NUMBER
control field 575900
003 - CONTROL NUMBER IDENTIFIER
control field AM-YEHGA
005 - DATE AND TIME OF LATEST TRANSACTION
control field 20260225092815.0
008 - FIXED-LENGTH DATA ELEMENTS--GENERAL INFORMATION
fixed length control field 090514s1962 ru ac|||r|||||000|0drus|d
040 ## - CATALOGING SOURCE
Original cataloging agency AM-YEHGA
041 0# - LANGUAGE CODE
Language code of text/sound track or separate title rus
100 1# - MAIN ENTRY--PERSONAL NAME
Personal name Колпинская, Елена Михайловна
245 10 - TITLE STATEMENT
Title Пейзажи Армении М. Сарьяна /
Statement of responsibility, etc. Е. Колпинская.
260 ## - PUBLICATION, DISTRIBUTION, ETC.
Place of publication, distribution, etc. Москва :
Name of publisher, distributor, etc. Изд-во Акад. худож. СССР,
Date of publication, distribution, etc. 1962.
300 ## - PHYSICAL DESCRIPTION
Extent 16, [27] с. :
Other physical details цв. ил. ;
Dimensions 26 см.
500 ## - GENERAL NOTE
General note Сарьян, Мартирос Сергеевич = Սարյան, Մարտիրոս Սարգսի
600 14 - SUBJECT ADDED ENTRY--PERSONAL NAME
Personal name Սարյան, Մարտիրոս Սարգսի,
Dates associated with a name 1880-1972
9 (RLIN) 1036
650 14 - SUBJECT ADDED ENTRY--TOPICAL TERM
Topical term or geographic name entry element Искусство
9 (RLIN) 5446
650 14 - SUBJECT ADDED ENTRY--TOPICAL TERM
Topical term or geographic name entry element Изобразительное искусство
Chronological subdivision 20 в.
Geographic subdivision Армения
650 14 - SUBJECT ADDED ENTRY--TOPICAL TERM
Topical term or geographic name entry element Живопись
General subdivision История живописи
Geographic subdivision 20 в.
650 14 - SUBJECT ADDED ENTRY--TOPICAL TERM
Topical term or geographic name entry element Живопись Армении
General subdivision Пейзажная живопись
650 14 - SUBJECT ADDED ENTRY--TOPICAL TERM
Topical term or geographic name entry element Деятели армянской культуры
General subdivision Жизнь и творчество
Chronological subdivision 20 в.
942 ## - ADDED ENTRY ELEMENTS (KOHA)
Source of classification or shelving scheme Universal Decimal Classification
Koha item type Գրքեր / Books
Holdings
Withdrawn status Lost status Damaged status Not for loan Collection Home library Current library Date acquired Total checkouts Full call number Barcode Date last seen Price effective from Koha item type Public note Source of classification or shelving scheme
        Kusikian Individual Collection Fundamental Scientific Library Fundamental Scientific Library 03/10/2025   Кус/4554 FL0697773 03/10/2025 03/10/2025 Գրքեր / Books ILL Non-Circ.  
        General Fundamental Scientific Library Fundamental Scientific Library 25/02/2026   PIII/9720 FL0472370 25/02/2026 25/02/2026 Գրքեր / Books 30 Days Loan Universal Decimal Classification


ՀՀ ԳԱԱ հիմնարար գիտական գրադարան
ՀՀ,Երևան 0019
Մարշալ Բաղրամյան 24/6
հեռախոս:(374-10) 52-47-50
Հետադարձ կապ

All site content, except where otherwise noted, is licensed under a
Creative Commons License